| 000 | 00596nam a22002177a 4500 | ||
|---|---|---|---|
| 003 | OSt | ||
| 005 | 20140310182919.0 | ||
| 008 | 130129t xxu||||| |||| 00| 0 eng d | ||
| 020 | _a9789712355905 | ||
| 050 |
_aKPM1760 _b.D278 2010 |
||
| 082 |
_aFIL 342 _bD37 2010 |
||
| 245 |
_aConstitution made simple 2010 _cHector S. De Leon, Hector M. De Leon, Jr. |
||
| 260 |
_aManila : _b Rex Book Store, _c2010. |
||
| 300 |
_axxxvii, 321 p. ; _c22cm. |
||
| 521 | _acollege students | ||
| 526 | _c1210L-1700L | ||
| 541 | _j1 | ||
| 541 | _j2 | ||
| 562 | _e2 | ||
| 942 |
_2lcc _cBK _kFIL |
||
| 999 |
_c17324 _d17324 |
||